000 00517nmm a2200169Ia 4500
008 251105s9999||||xx |||||||||||||||||und||
020 _a9789560011336
041 _aspa
100 _aPalma Salamanca, Ricardo
245 0 _aGran rescate, el. Desflorando al viento
264 _a[Santiago de Chile, Chile] :
_bLOM Ediciones,
_c2018
300 _a208 páginas
490 _aSeptiembre
650 _aHistory of the Americas: Latin America
856 _uhttps://public.digitaliapublishing.com/a/127941
942 _cCF
999 _c93587
_d93587